Algebra 1

Contents: Foundations for functions, linear functions and relations, nonlinear expressions, equations, and functions ...

Na minha lista:
Detalhes bibliográficos
Formato: Livro
Idioma:Undetermined
Publicado em: Chicago, IL McGraw-Hill Education 2012
Assuntos:
Tags: Adicionar Tag
Sem tags, seja o primeiro a adicionar uma tag!
Thư viện lưu trữ: Trung tâm Học liệu Trường Đại học Cần Thơ
LEADER 00650nam a2200193Ia 4500
001 CTU_218665
008 210402s9999 xx 000 0 und d
082 |a 512 
082 |b A394 
245 0 |a Algebra 1 
245 0 |c John A. Carter ... [et al.] 
260 |a Chicago, IL 
260 |b McGraw-Hill Education 
260 |c 2012 
520 |a Contents: Foundations for functions, linear functions and relations, nonlinear expressions, equations, and functions ... 
650 |a Đại số,Algebra 
650 |x Dạy và học,Study and teaching 
904 |i Bích Trâm; Cam Thuy 
980 |a Trung tâm Học liệu Trường Đại học Cần Thơ